Les villes de France se terminant par "on" - Statistiques

Statistiques générales
  • Ce quiz a été pris 387 fois
  • Le résultat moyen est 11 sur 31
Statistiques - réponses
Indice Ville % Correct
69 Lyon
80%
83 Toulon
75%
25 Besançon
73%
21 Dijon
73%
84 Avignon
72%
71 Macon
62%
02 Laon
60%
06 Menton
52%
05 Briançon
50%
71 Chalon
50%
03 Montluçon
43%
18 Vierzon
43%
22 Lannion
39%
74 Thonon
34%
84 Cavaillon
31%
35 Redon
31%
69 Bron
28%
92 Meudon
28%
37 Chinon
27%
13 Salon
26%
94 Charenton
22%
27 Vernon
19%
92 Chatillon
18%
85 Luçon
15%
71 Gueugnon
14%
60 Noyon
13%
88 Raon
9%
94 Valenton
9%
40 Capbreton
8%
77 Barbizon
7%
88 Thaon
6%
Aucun quiz correspondant
Distribution des résultats
% des personnes avec chaque résultat
Percentile par nombre de réponses
Votre historique - résultats
Vous n’avez pas pris ce quiz